000 00554nam a2200229 a 4500
001 nice12345678
003 IN_TiNIC
005 20260116014617.0
008 070412s2005 newa grp 000 0 eng
020 _a8177558978
_c400
082 0 0 _a294.543
_bBES
100 _aBesant, Annie
245 _aAn Introduction to Yoga
260 _aNew Delhi
_bCosmo Publications
_c2005
300 _a141p
500 _aincludes index and biblioraphy
650 _aYoga
700 1 _aBesant, Annie
902 _bSRS
942 _cBK
999 _c16225
_d16225